Normal view
MARC view
- Muhammad Zafar Amin
Entry Personal Name
001 - CONTROL NUMBER
- control field: 48390
003 - CONTROL NUMBER IDENTIFIER
- control field: NUST
005 - DATE AND TIME OF LATEST TRANSACTION
- control field: 20210314134038.0
008 - FIXED-LENGTH DATA ELEMENTS
- fixed length control field: 210314|| aca||aabn | a|a d
040 ## - CATALOGING SOURCE
- Original cataloging agency: NUST
- Transcribing agency: NUST
100 ## - HEADING--PERSONAL NAME
- Personal name: Muhammad Zafar Amin
670 ## - SOURCE DATA FOUND
- Source citation: Work cat.: (NUST): Muhammad Zafar Amin, A Comparative Study of the bearing capacity from the plate load test and bearing capacity equations for predominantly cohesive soils, 18-3-1996
